000 00520nam a2200193Ia 4500
003 OSt
005 20250807113812.0
008 210210b2002 xxu||||| |||| 00| 0 eng d
040 _cAL
041 _aKannada
082 _aK894.1 VASK
100 _aVASANTA BANNADI
_dವಸಂತ ಬನ್ನಾಡಿ
_9234510
245 _aKadala dhyana.
_bಕಡಲಧ್ಯಾನ
260 _aKundapur.
_bBahurupi Prakashana
_c2002
300 _axvi,93
690 _aKannada Poetry
_9234511
906 _a058357
942 _2ddc
_cBK
999 _c105537
_d105537